000 00402 a2200109 4500
001 ART_42862
005 20260410161918.0
008 260409a
245 1 0 _aHacia la obligatoriedad de presentar información no financiera
100 1 _aCanetti, Marcelo
773 0 _tDocumentos de trabajo de contabilidad, auditoría y responsabilidad social
_g- Año 5, Nº 9 (jun. 2015)
_wREV14385
999 _c27473
_d27473